Géographie de Paris par lettre - E - Statistiques

Statistiques générales
  • Ce quiz a été pris 13 fois
  • Le résultat moyen est 2 sur 20
Statistiques - réponses
Question Réponse % Correct
Célèbre écrivain et station de métro du 15e arrondissement Emile Zola
58%
Rue du 4e au nom d'animal (des...) Écureuils
42%
Place du quartier d'affaires à l'Ouest Esplanade de la Défense
25%
Une visite insolite et fascinante du Paris souterrain Égouts de Paris
17%
Place du 9e devant l'église de la Trinité Estienne-d'Orves
17%
Station de métro de la ligne 12, rendant hommage à un grand intellectuel Étienne Marcel
17%
Institution de recherche et bibliothèque située dans le 2e École des Chartes
8%
Nom d'une institution scientifique prestigieuse dans le 5e École des Mines
8%
Lieu de savoir et centre d'enseignement supérieur parisien École normale supérieure (ENS)
8%
Musée du 16e situé dans un ancien réservoir Eaux
0%
Rue célèbre du Marais pour ses façades médiévales Écharpe (Rue de l')
0%
Monument historique du 4e, siège des Archives Nationales Écuries de l'Hôtel de Soubise
0%
Nom exact de la colonne de Juillet Édifice du Génie de la Bastille
0%
Espace culturel situé dans le Marais, dernier cloître médiéval de Paris Église des Billettes
0%
Ancien cabinet de curiosités situé dans un hôtel particulier de l'avenue Foch Ennery (Musée d')
0%
Nom d'un jardin public très secret du 17e Épinettes (Square des)
0%
Quartier administratif situé dans le 12e arrondissement Ermitage
0%
Lieu artistique majeur, situé dans une ancienne fonderie du 11e Espace 1789
0%
Institution culturelle située dans le 8e arrondissement, dédiée aux arts Espace Cardin
0%
Monument emblématique situé dans le quartier de la Muette Espace Champerret
0%
Aucun quiz correspondant
Distribution des résultats
% des personnes avec chaque résultat
Percentile par nombre de réponses
Votre historique - résultats
Vous n’avez pas pris ce quiz